| 000 | 01746nam a2200301Ia 4500 | ||
|---|---|---|---|
| 999 |
_c55155 _d55155 |
||
| 001 | 22230 | ||
| 003 | GE_BSU | ||
| 005 | 20221228175018.0 | ||
| 008 | 181216s2014||||ge |||||||||||||| || || | ||
| 020 | _aISBN : 9789941181887 ; 9789941181894 | ||
| 040 | _cGE_BSU | ||
| 041 | _ageo | ||
| 080 | _a327(479.22.4)(09) ვ-14 | ||
| 100 |
_aვათეიშვილი, ჯუანშერ _916617 |
||
| 245 |
_aსაქართველო და ევროპის ქვეყნები =Georgia and European Countries : XIII-XIX სს. ურთიერთობათა ისტორიის ნარკვევები 7 ტომად ტ.1 / _cჯუანშერ ვათეიშვილი ; სარედ. კოლ. : ნოდარ ასათიანი, ნინო ერისთავი და სხვ. |
||
| 264 |
_aთბილისი _bილიას სახელმწ. უნ-ტი, _c2014. |
||
| 300 |
_a775 გვ. : _bილ. ; _c22 სმ. |
||
| 500 | _aპირთა საძიებ. გვ. : 751-775 | ||
| 541 | _h31ლ.50თ. | ||
| 653 | _aსაერთაშორისო ურთიერთობანი | ||
| 653 | _aსაგარეო პოლიტიკა | ||
| 653 | _aმსოფლიო პოლიტიკა | ||
| 653 | _aსაქართველო და ევროპის ქვეყნები | ||
| 653 | _aGeorgia and European Countries : XIII-XIX სს. | ||
| 653 | _a ურთიერთობათა ისტორიის ნარკვევები 7 ტომად ტ.1 | ||
| 710 |
_aილიას სახელმწიფო უნივერსიტეტი _916619 |
||
| 942 |
_cBK _2udc |
||